000 00376nam a22001457a 4500
005 20180308115807.0
008 170807b xxu||||| |||| 00| 0 eng d
022 _a14716917
040 _cPK-LaUMT
082 _aZIAC 297.05
_bJOU-
245 _aJournal of Islamic studies (Vol 23, No3)
260 _aOxford:
_bOxford University Press,
_c2012
300 _a430 p.
942 _cBK
999 _c96536
_d96536